000 00685nam a22001937a 4500
999 _c158184
_d158184
005 20181020111724.0
010 _aENG-124336
020 _a9789353061746
_c499.00
035 _aEN-107868
037 _bDBAD/PUB
082 _a658.403
100 _aMann, Justin
245 _aThe IT as a service (ITaaS) framework:
_cby Justin Mann
_btransform to an end-to-end services organization and operate IT like a competitive business /
260 _aNoida
_bPearson
_c2018
270 _a15th Floor, Tower B, Worls Trade Tower, Plot No.1, Block -C
_bNoida (UP)
_e201301
300 _axx, 300p.
_c26cm.(pbk)
500 _aIt includes index
942 _2ddc
_cEN
_h658.403
_mMAN